000 00287nam a22001337a 4500
008 171010b xxu||||| |||| 00| 0 eng d
020 _a1023436000009
041 _aeng
080 _25TH
_a316
100 _a50
101 _aSOC
245 _aSOCIOLOGY
_cMACIONIS,J,J
942 _2udc
_cBK
999 _c32880
_d32880